000
00267nam a2200109Ia 4500
001
1265865
005
20260417142035.0
008
260417s9999 xx 000 0 und d
020
_a
9789752897564
245
0
_a
Sarhoşlar
_c
Orhan Kemal
260
_b
Everest Yayınları
999
_c
1265865
_d
1265865